Countries with laws against the denial of the Holocaust - Statistics

General Stats
  • This quiz has been taken 245 times
    214 since last reset
  • The average score is 12 of 18
Answer Stats
Countries % Correct
Germany
96%
Poland
89%
Austria
85%
France
85%
Italy
82%
Russia
82%
Belgium
75%
Netherlands
74%
Hungary
67%
Czech Republic
66%
Switzerland
66%
Romania
61%
Slovakia
61%
Greece
60%
Lithuania
55%
Luxembourg
52%
Portugal
48%
Liechtenstein
35%
No matching quizzes found
Score Distribution
Percent of People with Each Score
Percentile by Number Answered
Your Score History
You have not taken this quiz since the last reset